Thomas Langworthy's Shockers Quiz - Statistics

General Stats
  • This quiz has been taken 43 times
    21 since last reset
  • The average score is 10 of 15
Answer Stats
Question Answer % Correct
In 2021, did Tom thank the teacher when he was yelled at and sent out of the classroom? Yes
100%
What bathroom did Tom line up outside of in the club in Budapest? Female
88%
During the famous drinking challenge 24 in 12, where the person undertaking the challenge drinks 24 standard drinks in 12 hours, did Tom throw up on the hostel floor as well as the pub? Yes
88%
Is tom scared of birds? Yes
88%
Did Tom share his Milka with his friends like they did with him during their European holiday? No
82%
Who does Tom typically like to flirt with? Women who have boyfriends
82%
Does Tom have ranga pubes? Yes
82%
Did a kid catch Tom licking salt in the Wieliczka Salt Mines in Poland? Yes
82%
How much money did Tom spend on drinks for other people on that night out in Budapest? $50+
76%
How many times has Tom read the Secret River in his lifetime? More than once
71%
What mode of transportation did Tom use when going to the club alone in Budapest on his 2022 trip to Europe? Electric Scooter
59%
When you burn your hand, what makes your hand move? Brain
41%
How many times did Tom make his friends cross the road for no reason on their European holiday in Prague? 3
29%
In 2022, in what European city did Tom infamously throw up in a pub Prague
29%
How does Tom typically enjoy his beer? With vodka and lemon
29%
No matching quizzes found
Score Distribution
Percent of People with Each Score
Percentile by Number Answered
Your Score History
You have not taken this quiz since the last reset